Investor´s reaction on macroeconomics news

Reakcia účastníkov finančného trhu na aktuálne makroekonomické údaje. Teória behaviorálnych financií je založená na skúmaní správania sa investorov vzhľadom k ich investičným rozhodnutiam. Indikátory pre obchodné reakcie účastníkov finančného trhu na základe hodnoty.

Guardado en:
Detalles Bibliográficos
Autor principal: Kmeťko, Miroslav, 1969-
Formato: Capítulo de libro
Lenguaje:eslovaco
Materias:
Etiquetas: Agregar Etiqueta
Sin Etiquetas, Sea el primero en etiquetar este registro!

MARC

LEADER 00000nla a2200000 4500
001 0220962
005 20240502073629.9
041 0 |a slo 
044 |a SK 
245 1 0 |a Investor´s reaction on macroeconomics news  |c Miroslav Kmeťko 
520 |a Reakcia účastníkov finančného trhu na aktuálne makroekonomické údaje. Teória behaviorálnych financií je založená na skúmaní správania sa investorov vzhľadom k ich investičným rozhodnutiam. Indikátory pre obchodné reakcie účastníkov finančného trhu na základe hodnoty. 
610 2 0 |a trh finančný 
610 2 0 |a makroekonomika 
610 2 0 |a financie behaviorálne 
610 2 0 |a investori 
610 2 0 |a rozhodovanie investičné 
610 2 0 |a efektívnosť investícií 
610 2 0 |a hodnota 
100 1 |a Kmeťko, Miroslav, 1969-